Star Trek Movie Titles - Statistics

General Stats
  • This quiz has been taken 37 times
  • The average score is 11 of 13
Answer Stats
Year Released Answer % Correct
1982 Star Trek II: The Wrath of Khan
97%
1979 Star Trek: The Motion Picture
91%
2009 Star Trek
86%
1984 Star Trek III: The Search for Spock
86%
1994 Star Trek: Generations
83%
2002 Star Trek: Nemesis
83%
1986 Star Trek IV: The Voyage Home
80%
1991 Star Trek VI: The Undiscovered Country
80%
1989 Star Trek V: The Final Frontier
80%
1996 Star Trek: First Contact
77%
2016 Star Trek: Beyond
74%
2013 Star Trek: Into Darkness
74%
1998 Star Trek: Insurrection
71%
No matching quizzes found
Score Distribution
Percent of People with Each Score
Percentile by Number Answered
Your Score History
You have not taken this quiz